DSM-5: guía para el diagnóstico clínico (Registro nro. 10990)

Detalles MARC
000 -Cabecera
Campo de control de longitud fija 01135nam a22003857a 4500
005 - Fecha y hora de la última transacción
Campo de control 20250908095041.0
008 - Elementos de longitud fija--Información general
Campo de control de longitud fija 180810b2015 xxu||||| |||| 00| 0 spa d
020 ## - International Standard Book Number
Número Internacional Estándar del Libro (ISBN) 9786074484892
041 ## - Idioma
Código de idioma Español
082 ## - Clasificación Decimal Dewey
Número de clasificación 616.890.75 M878d
100 ## - Entrada principal--Autor personal
Nombre personal Morrison, James
9 (RLIN) 46091
245 ## - Título propiamente dicho
Título DSM-5: guía para el diagnóstico clínico
260 ## - Pie de imprenta
Lugar de publicación, distribución, etc. México
260 ## - Pie de imprenta
Nombre del editor, distribuidor, etc. Manual Moderno
260 ## - Pie de imprenta
Fecha de publicación, distribución, etc. 2015
300 ## - Descripción física
Extensión 650 páginas
490 ## - Serie
Título de la Serie Temática General
650 ## - Materia general
Temática (materia general) DIAGNÓSTICOS CLÍNICOS
650 ## - Materia general
Temática (materia general) TRASTORNOS MENTALES
650 ## - Materia general
Temática (materia general) ESQUIZOFRENIA
650 ## - Materia general
Temática (materia general) TRASTORNOS DEL SUEÑO
650 ## - Materia general
Temática (materia general) TRASTORNOS DE LA PERSONALIDAD
650 ## - Materia general
Temática (materia general) TRASTORNOS DE ANSIEDAD
650 ## - Materia general
Temática (materia general) TRASTORNO OBSESIVO COMPULSIVO
650 ## - Materia general
Temática (materia general) TRASTORNOS DISOCIATIVO
650 ## - Materia general
Temática (materia general) TRASTORNO DE SÍNTOMAS SOMÁTICOS
650 ## - Materia general
Temática (materia general) TRASTORNO DE LA CONDUCTA ALIMENTARIA
650 ## - Materia general
Temática (materia general) TRASTORNOS DE LA EXCRECIÓN
650 ## - Materia general
Temática (materia general) DISFUNCIONES SEXUALES
650 ## - Materia general
Temática (materia general) DISFORIA DEL GÉNERO
650 ## - Materia general
Temática (materia general) TRASTORNOS DISRUPTIVOS
650 ## - Materia general
Temática (materia general) TRASTORNOS COGNITIVOS
650 ## - Materia general
Temática (materia general) TRASTORNOS PARAFÍLICOS
942 ## - Punto de acceso adicional KOHA
Tipo de ítem KOHA Libro
Fuente del sistema de clasificación o colocación Dewey Decimal Classification
Existencias
Signatura completa Código de barras Programa Académico Tipo de ítem
616.890.75 M878d 23309 Temática General Libro